000 00392nam a22001697a 4500
003 MPLRDC
005 20220104125204.0
008 210129b ||||| |||| 00| 0 eng d
082 _a857.9 CQY-48
100 _a陈青云
245 _a索血令
_c
250 _a初版
260 _a
_b武侠春秋出版社
_c1971
300 _b
650 _a武侠小说
942 _cBK
_o857.9 CQY-48
999 _c25363
_d25353